Interpretacón de balances (Registro nro. 1948)

Detalles MARC
000 -LEADER
fixed length control field 00925 a2200193 4500
001 - CONTROL NUMBER
control field 29722
005 - DATE AND TIME OF LATEST TRANSACTION
control field 20260407155608.0
008 - FIXED-LENGTH DATA ELEMENTS--GENERAL INFORMATION
fixed length control field 260407a1962 arg spa d
003 - CONTROL NUMBER IDENTIFIER
control field AR-UNSa-BCEJYS
040 ## - CATALOGING SOURCE
Original cataloging agency AR-UNSa-BCEJYS
Language of cataloging spa
Transcribing agency AR-UNSa-BCEJYS
080 ## - UNIVERSAL DECIMAL CLASSIFICATION NUMBER
Universal Decimal Classification number 657.36
Common auxiliary subdivision Balances de comprobación (balance estimativo). Balances de saldo. Balance intermedio
100 1# - MAIN ENTRY--PERSONAL NAME
Personal name Snozzi, E.G.
245 10 - TITLE STATEMENT
Title Interpretacón de balances
264 #1 - PRODUCTION, PUBLICATION, DISTRIBUTION, MANUFACTURE, AND COPYRIGHT NOTICE
Place of production, publication, distribution, manufacture Madrid :
Name of producer, publisher, distributor, manufacturer Ediciones Rialp
Date of production, publication, distribution, manufacture, or copyright notice 1962
300 ## - PHYSICAL DESCRIPTION
Extent 351 p.
Dimensions 24 cm.
505 ## - FORMATTED CONTENTS NOTE
Formatted contents note 1. El balance - 2. La cuenta de explotación y de beneficios y pérdidas - 3. De los diferentes objetos del análisis de los balances - 4. Valoración de los elementos del balance - 5. Examen crítico del conjunto del balance - 6. La aprecicación de las cuentas de explotación y de beneficios y pérdidas - 7. El balance de las sociedades Holding
590 ## - LOCAL NOTE (RLIN)
Local note niveau_biblio:m niveau_hierar:0
942 ## - ADDED ENTRY ELEMENTS (KOHA)
Koha item type
Existencias
Withdrawn status Lost status Damaged status Not for loan Home library Current library Shelving location Date acquired Total checkouts Full call number Barcode Date last seen Price effective from Koha item type
        Biblioteca Prof. Eusebio Cleto del Rey Biblioteca Prof. Eusebio Cleto del Rey   07/04/2026   657.36 S673 L21090 07/04/2026 07/04/2026 Libro